000 00474nam a22001577a 4500
005 20250208130317.0
008 250208b |||||||| |||| 00| 0 eng d
020 _a9780781723275
050 _aRC683.5
_b.E5
100 _aDavis, Dale
245 _aQuick and Accurate 12-Lead ECG Interpretation/
_cDale Davis
250 _a3rd ed.
260 _aPhiladelphia
_bLippincott Williams & Wilkins
_c2001
300 _aix. 454p.
_bill. some color
_c23.5cm
942 _2lcc
_cBK
_e3rd ed.
_n0
999 _c3668
_d3668